Geography quiz - Questions from the easiest to for geography freaks #1 - Statistics

General Stats
  • This quiz has been taken 53 times
  • The average score is 9 of 21
Answer Stats
Level Hint Answer % Correct
2 The capital of Ireland. Dublin
100%
1 EASY The capital of Spain. Madrid
100%
4 The capital of Turkey. Ankara
93%
3 The most populous country in Africa. Nigeria
87%
7 The capital of Mongolia. Ulaanbaatar
85%
8 MEDIUM The smallest state by area, borders Massachusetts to the north and east, and Connecticut to the west. Rhode Island
74%
5 The capital of Madagascar. Antananarivo
65%
6 The capital of Burkina Faso. Ouagadougou
54%
9 Historical region in Croatia, Bosnia and Herzegovina and Montenegro on the eastern Adriatic coast. It is part of the Balkans. Dalmatia
39%
11 The territory on the eastern Black Sea coast, formally part of Georgia, actually a non-recognized state (recognized by 5 countries in the world) with its capital in Sukhumi. Abkhazia
35%
10 Foggy desert in South America. It is one of the driest areas in the world. It is located in the northern part of Chile, between the Coastal Cordillera and the Western Cordillera. Atacama
35%
14 HARD Several national parks are located in the basin of this river, including the Niokolo-Koba National Park in Senegal, entered on the UNESCO World Heritage List. Gambia
26%
13 Vietnam's third largest city with nearly 1 million inhabitants. Da Nang
24%
16 The capital and largest city of Aruba (29,109 inhabitants), located on the western tip of the island. Oranjestad
13%
12 The city is located on the Hauraki Bay in the Hunua Mountains at the foot of the extinct volcano Eden (196 m above sea level). The surrounding hills are covered with rainforest, and there are 53 sleeping volcanoes in the vicinity of the city. Auckland
11%
21 A city in the Philippines on the island of Mindanao. It is the fourth most populous city in the country. Davao
9%
17 A 1950 km long river in southern Russia. Don
9%
15 Stratovolcano, the highest peak in the Cordillera de Ampato massif in the Arequipa region in southern Peru. Ampato
4%
18 The city was an important strategic point on the Silk Road and a turquoise mining center. In Muslim times, it was the capital of the Khorasan region and incl. Tahirid Dynasty. Nishapur
2%
20 It is located west of Isfahan and is increasingly becoming a part of the Isfahan Metropolitan area. Najafabad
0%
19 FREAK Summit in the Pennine Alps, in the Allalin massif. It is located in the canton of Valais, Switzerland, near the border with Italy. Height4199 m above sea level. Rimpfischhorn
0%
No matching quizzes found
Score Distribution
Percent of People with Each Score
Percentile by Number Answered
Your Score History
You have not taken this quiz